Sancti Avreli Avgvstini
Guardat en:
| Autor principal: | |
|---|---|
| Format: | Llibre |
| Idioma: | llatí |
| Publicat: |
Nueva York
Johnson Co
1886
|
| Col·lecció: | Corpvs Scriptorvm Ecclesiasticorvm Latinorvm
|
| Matèries: | |
| Etiquetes: |
Afegir etiqueta
Sense etiquetes, Sigues el primer a etiquetar aquest registre!
|
MARC
| LEADER | 00000nam a2200000 a 4500 | ||
|---|---|---|---|
| 001 | UCZ3452 | ||
| 003 | CL-VaPUC | ||
| 008 | 951020e18860000US |||||||||||||||||lat|d | ||
| 082 | 0 | 4 | |a 189.2 |b AGU |2 21 |
| 100 | |a San Agustín de Hipona |x Teólogo y filósofo cristiano |9 311590 | ||
| 245 | 1 | 0 | |a Sancti Avreli Avgvstini |
| 300 | |a v | ||
| 942 | |c BK | ||
| 945 | |d 19951020 00:00:00 |a lriquelm | ||
| 260 | |a Nueva York |b Johnson Co |c 1886 | ||
| 500 | |a v.23 t.1 p.1: Confessionvm | ||
| 500 | |a v.36 t.1 p.2: Retractationvm, libri dvo | ||
| 500 | |a v.68 t.1 p.3: Contra academicos libri tres, de beata vita liber vnvs, de ordine libre dvo | ||
| 650 | 7 | |a DOCTRINAS RELIGIOSAS |2 CL-VaPUC |9 337177 | |
| 650 | 0 | |a Creencia Religiosa |9 316904 | |
| 650 | 0 | |a Cristianismo |9 257361 | |
| 650 | 0 | |a Teología |9 258766 | |
| 583 | |a last modification |c 19951020 00:00:00 |k Rodrigo Vera | ||
| 490 | 0 | |a Corpvs Scriptorvm Ecclesiasticorvm Latinorvm | |
| 999 | |c 239926 |d 239924 | ||
| 952 | |0 0 |1 0 |4 0 |6 189_200000000000000_AGU_1886 |7 0 |8 P |9 251455 |a BIBEDU |b BIBEDU |c BIBEDU_PB |d 2019-11-18 |h v.23 t.1 p.1 |i 1589202 |o 189.2 AGU 1886 |p 1589202 |r 2024-01-25 |w 2019-11-18 |y BK |k FIL | ||
| 952 | |0 0 |1 0 |4 0 |6 189_200000000000000_AGU_1886 |7 0 |8 P |9 251456 |a BIBEDU |b BIBEDU |c BIBEDU_PB |d 2019-11-18 |h v.36 t.1 p.2 |i 1589210 |o 189.2 AGU 1886 |p 1589210 |r 2024-01-25 |w 2019-11-18 |y BK |k FIL | ||
| 952 | |0 0 |1 0 |4 0 |6 189_200000000000000_AGU_1886 |7 0 |8 P |9 251457 |a BIBEDU |b BIBEDU |c BIBEDU_PB |d 2019-11-18 |h v.63 t.1 p.3 |i 1589229 |o 189.2 AGU 1886 |p 1589229 |r 2024-01-25 |w 2019-11-18 |y BK |k FIL | ||